| 000 | 00449nam a2200181Ia 4500 | ||
|---|---|---|---|
| 001 | 689 | ||
| 005 | 20260306140536.0 | ||
| 008 | 260306t2018||||xx |||||||||||||| ||spa|| | ||
| 041 | _aESP | ||
| 082 |
_a128 _bP45 |
||
| 100 |
_aPérez de Laborda, Miguel _eAUT |
||
| 245 | 0 |
_a¿Quiénes somos? : _bcuestiones en torno al ser humano |
|
| 260 | _c2018 | ||
| 300 |
_a344 páginas : _c24 cm. |
||
| 650 | _aGEN | ||
| 654 | _aCHU | ||
| 942 |
_cLIB _dJUS _fJUS _2ddc _n |
||
| 999 |
_c689 _d689 |
||